Simply Do It Do It Simply: (Record no. 196845)

MARC details
000 -LEADER
fixed length control field 00578nam a22001817a 4500
005 - DATE AND TIME OF LATEST TRANSACTION
control field 20231211163638.0
010 ## - LCCN (DPL NO)
LC control number ENG-137657
020 ## - INTERNATIONAL STANDARD BOOK NUMBER
International Standard Book Number 9789381523568
Terms of availability 150.00
035 ## - SYSTEM CONTROL NUMBER
System control number EN-121189
037 ## - SOURCE OF ACQUISITION
Source of stock number/acquisition DBAD/PUB
082 ## - DEWEY DECIMAL CLASSIFICATION NUMBER
Classification number 158.1
100 ## - MAIN ENTRY--PERSONAL NAME
Personal name Kampchen, Martin
245 ## - TITLE STATEMENT
Title Simply Do It Do It Simply:
Remainder of title Translated from German by Mattew Pritchard/
Statement of responsibility, etc By Martin Kampchen
260 ## - PUBLICATION, DISTRIBUTION, ETC. (IMPRINT)
Place of publication, distribution, etc New Delhi
Name of publisher, distributor, etc Niyogi Books
Date of publication, distribution, etc 2013
270 ## - ADDRESS
Address D-78, Okhla Industrial Area, Phase-I
City Delhi
Postal code 110020
300 ## - PHYSICAL DESCRIPTION
Extent 99p. ;
Dimensions 19cm (pbk)
942 ## - ADDED ENTRY ELEMENTS (KOHA)
Source of classification or shelving scheme Dewey Decimal Classification
Item type English Books
Classification part 158.1
Call number suffix KAM
Holdings
Withdrawn status Lost status Not for loan Collection code Home library Current library Date acquired Source of acquisition Cost, normal purchase price Full call number Barcode Copy number Cost, replacement price Koha item type
      Non-fiction Vinoba Puri Vinoba Puri 01/08/2023 DBAD/PUB 150.00 158.1 KAM EN-121189 1 150.00 English Books

© Delhi Public Library
Hit Counter
free hit counter